Analytical mechanics (Record no. 19193)
[ view plain ]
| 000 -LEADER | |
|---|---|
| fixed length control field | 00474nam a2200181 a 4500 |
| 001 - CONTROL NUMBER | |
| control field | 156803 |
| 003 - CONTROL NUMBER IDENTIFIER | |
| control field | OSt |
| 005 - DATE AND TIME OF LATEST TRANSACTION | |
| control field | 20211026161327.0 |
| 008 - FIXED-LENGTH DATA ELEMENTS--GENERAL INFORMATION | |
| fixed length control field | 190314 ### HIN |
| 020 ## - INTERNATIONAL STANDARD BOOK NUMBER | |
| International Standard Book Number | 9781108416580 |
| 082 ## - DEWEY DECIMAL CLASSIFICATION NUMBER | |
| Classification number | 531.01515 |
| Item number | L54A |
| 100 ## - MAIN ENTRY--PERSONAL NAME | |
| Personal name | Lemos, Nivaldo A. |
| 245 ## - TITLE STATEMENT | |
| Title | Analytical mechanics |
| Statement of responsibility, etc | by Nivaldo A. Lemos |
| 260 ## - PUBLICATION, DISTRIBUTION, ETC. (IMPRINT) | |
| Place of publication, distribution, etc | Cambridge |
| Name of publisher, distributor, etc | Cambridge University Press |
| Date of publication, distribution, etc | 2018 |
| 300 ## - PHYSICAL DESCRIPTION | |
| Extent | xiii, 459p. |
| 653 ## - INDEX TERM--UNCONTROLLED | |
| Uncontrolled term | Mechanics, Analytic |
| 942 ## - ADDED ENTRY ELEMENTS (KOHA) | |
| Source of classification or shelving scheme | Dewey Decimal Classification |
| Koha item type | Books |
| Withdrawn status | Lost status | Source of classification or shelving scheme | Damaged status | Not for loan | Collection code | Home library | Current library | Date acquired | Source of acquisition | Total Checkouts | Full call number | Barcode | Date last seen | Date checked out | Price effective from | Koha item type |
|---|---|---|---|---|---|---|---|---|---|---|---|---|---|---|---|---|
| Dewey Decimal Classification | General Text Book | Central University Of Rajasthan | Central University Of Rajasthan | 14/03/2019 | PHY | 1 | 531.01515 L54A | 32006 | 22/08/2025 | 05/08/2025 | 02/09/2020 | Books |
